000 00194 a2200085 4500
020 _a9788170332091
100 _aR. Y. Singh
245 _aGeography of Settlements
260 _bRawat Publication
_c2002
999 _c13186
_d13186